00837nam a2200229 i 4500001000300000245010700003260003400110300005700144490005500201504002600256650002200282655001700304700002700321700002400348830005500372020001500427040000800442041000700450080001100457008004100468856009800509bg00aLeksykon przedsiębiorcy /cpod red. nauk. Andrzeja Szplita ; [aut. haseł Helena Baraniecka et al.]. aKielce :bWydaw. PŚ,c1996. a256 s. :bfot., portr. kolor., rys., wykr. ;c23 cm.1 aNauki Ekonomiczne / Politechnika Świętokrzyska aBibliogr. s. 218-222. 9aNauki ekonomiczne aEncyklopedie1 aSZPLIT, Andrzej.eRed.1 aBARANIECKA, Helena. 0aNauki Ekonomiczne (Politechnika Świętokrzyska) a8390513242 cBPK0 apl a33(03) s pl f |000 0 pol  uhttp://koha.tu.koszalin.pl/cgi-bin/koha/opac-detail.pl?biblionumber=32494yKatalog online BPK